000 00564nam a22001937a 4500
005 20251108165443.0
008 250721s2001 xx 000 0 ara d
082 1 4 _a810.956209/بكا
100 1 _aبكار، يوسف
245 1 0 _aسادن التراث :
_bإحسان عباس /
264 1 _aبيروت :
_bالمؤسسة العربية للدراسات،
_c2001.
300 _a190ص
650 1 7 _aالأدب العربي
650 1 7 _aلبنان
650 1 7 _aالتراجم
650 1 7 _aالنقد الأدبي
942 _2ddc
_cBK
999 _c28288
_d28288